[Event "Open internacional Sant Marti 2023"]
[Site "?"]
[Date "2023.07.15"]
[Round "3.9"]
[White "Jimenez Garcia, Emmanuel"]
[Black "Moya Nunez, Pau Salvador"]
[Result "1/2-1/2"]
[BlackElo "2176"]
[WhiteElo "2437"]
[LiveChessVersion "1.4.8"]

1. d4 Nf6 {[%clk 1:30:46]} 2. Nf3 {[%clk 1:26:30]} g6 {[%clk 1:30:38]} 3. g3
{[%clk 1:26:54]} Bg7 {[%clk 1:31:03]} 4. Bg2 {[%clk 1:27:19]} O-O
{[%clk 1:31:12]} 5. O-O {[%clk 1:27:43]} d5 {[%clk 1:30:50]} 6. c4
{[%clk 1:27:53]} c6 {[%clk 1:31:14]} 7. b3 {[%clk 1:24:42]} a5 {[%clk 1:31:39]}
8. Nc3 {[%clk 1:21:11]} Bf5 9. cxd5 cxd5 {[%clk 1:31:43]} 10. Ne5
{[%clk 1:10:30]} Be6 {[%clk 1:14:30]} 11. Bf4 {[%clk 1:07:48]} Na6
{[%clk 1:11:03]} 12. Rc1 {[%clk 1:02:47]} Rc8 {[%clk 1:10:31]} 13. Qd3
{[%clk 0:57:38]} Qe8 {[%clk 0:51:13]} 14. a3 Bf5 15. Qe3 {[%clk 0:48:56]} Qd8
{[%clk 0:49:56]} 16. h3 {[%clk 0:48:14]} h5 {[%clk 0:44:04]} 17. Kh2
{[%clk 0:26:02]} Nc7 18. Bf3 {[%clk 0:16:31]} Ne6 {[%clk 0:40:51]} 19. Rg1 Be4
{[%clk 0:33:25]} 20. g4 {[%clk 0:13:07]} hxg4 {[%clk 0:26:12]} 21. hxg4
{[%clk 0:13:05]} Bxf3 {[%clk 0:25:43]} 22. Nxf3 {[%clk 0:13:09]} Nxf4
{[%clk 0:23:42]} 23. Qxf4 {[%clk 0:13:37]} Qb6 24. Na4 {[%clk 0:08:12]} Qxb3
{[%clk 0:19:15]} 25. Nc5 Qb2 {[%clk 0:18:09]} 26. Kg2 {[%clk 0:08:16]} b6
{[%clk 0:17:16]} 27. Rb1 {[%clk 0:07:42]} Qxe2 {[%clk 0:16:16]} 28. Rge1
{[%clk 0:07:25]} Qa2 {[%clk 0:16:01]} 29. Ra1 {[%clk 0:06:58]} Qc2
{[%clk 0:14:01]} 30. Rac1 {[%clk 0:05:31]} Qa2 {[%clk 0:14:19]} 31. Ra1
{[%clk 0:05:50]} Qc2 {[%clk 0:14:44]} 32. Rac1 {[%clk 0:06:13]} Qa2
{[%clk 0:15:08]} 1/2-1/2

[Event "Open internacional Sant Marti 2023"]
[Site "?"]
[Date "2023.07.15"]
[Round "3.10"]
[White "Kshatriya, Nitin Vekhande"]
[Black "Alvarez Calzadilla, Jose Avelino"]
[Result "1/2-1/2"]
[BlackElo "2364"]
[WhiteElo "2033"]
[LiveChessVersion "1.4.8"]

1. e4 {[%clk 1:30:58]} c5 {[%clk 1:30:52]} 2. Nf3 {[%clk 1:31:45]} e6 3. d3
{[%clk 1:32:09]} d5 {[%clk 1:30:35]} 4. Nbd2 {[%clk 1:32:32]} Nc6
{[%clk 1:30:10]} 5. g3 {[%clk 1:32:10]} Bd6 {[%clk 1:29:27]} 6. Bg2
{[%clk 1:32:56]} Nge7 {[%clk 1:28:24]} 7. O-O {[%clk 1:28:48]} O-O
{[%clk 1:26:34]} 8. Re1 {[%clk 1:19:54]} h6 {[%clk 1:18:07]} 9. c3
{[%clk 1:04:18]} Bc7 10. e5 {[%clk 1:03:50]} Ng6 {[%clk 1:15:54]} 11. d4
{[%clk 1:03:17]} cxd4 {[%clk 1:07:39]} 12. cxd4 {[%clk 1:01:19]} f6
{[%clk 1:07:40]} 13. exf6 {[%clk 0:57:46]} Qxf6 {[%clk 1:04:39]} 14. Nb3
{[%clk 0:53:53]} b6 {[%clk 0:51:06]} 15. Be3 {[%clk 0:47:28]} Bb7
{[%clk 0:47:03]} 16. Rc1 {[%clk 0:33:59]} a5 {[%clk 0:37:55]} 17. a3
{[%clk 0:24:25]} Bd6 {[%clk 0:23:09]} 18. Nbd2 {[%clk 0:21:26]} a4
{[%clk 0:21:40]} 19. Bh3 e5 {[%clk 0:21:49]} 20. dxe5 {[%clk 0:18:29]} Ncxe5
{[%clk 0:12:57]} 21. Bd4 Rae8 {[%clk 0:12:53]} 22. Nxe5 {[%clk 0:06:11]} Bxe5
{[%clk 0:12:06]} 23. Rxe5 {[%clk 0:02:23]} Rxe5 24. Qf1 Qg5 {[%clk 0:09:49]} 25.
Bxe5 {[%clk 0:01:01]} Qxe5 {[%clk 0:08:55]} 26. Qe1 {[%clk 0:00:42]} Qxb2
{[%clk 0:06:17]} 27. Rc7 Ba8 28. Qe6+ {[%clk 0:00:44]} Kh7 29. Bf5
{[%clk 0:00:41]} Qf6 {[%clk 0:00:38]} 30. Qd7 Kh8 {[%clk 0:00:36]} 31. Nf3
{[%clk 0:00:42]} Ne5 {[%clk 0:00:40]} 32. Nxe5 {[%clk 0:00:52]} Qxe5
{[%clk 0:01:09]} 33. Qf7 Qe1+ {[%clk 0:00:48]} 34. Kg2 {[%clk 0:01:32]} d4+
{[%clk 0:01:11]} 35. Kh3 {[%clk 0:01:27]} Qf1+ {[%clk 0:01:02]} 36. Kg4
{[%clk 0:01:50]} Qe2+ {[%clk 0:01:03]} 37. Kh3 {[%clk 0:02:17]} Qf1+
{[%clk 0:00:49]} 38. Kg4 Qd1+ 39. Kh3 {[%clk 0:03:08]} Qf1+ {[%clk 0:00:39]} 40.
Kg4 Qe2+ {[%clk 0:00:38]} 41. Kh3 {[%clk 0:03:52]} 1/2-1/2